Romans et nouvelles de Sherlock Holmes - Statistiques

Statistiques générales
  • Ce quiz a été pris 12 fois
  • Le résultat moyen est 12 sur 60
Statistiques - réponses
Romans et nouvelles dans lesquelles apparaît Sherlock Holmes % Correct
Une étude en rouge
100%
Le Signe des Quatre
75%
Le Chien des Baskerville
67%
La Vallée de la peur
58%
Les Cinq Pépins d'orange
58%
Un scandale en Bohême
58%
Le Dernier Problème
50%
Le Ruban moucheté
50%
Son dernier coup d'archet
42%
La Maison vide
33%
Le Pouce de l'ingénieur
33%
Les Six Napoléons
33%
La Figure jaune
25%
La Ligue des rouquins
25%
La Pierre de Mazarin
25%
L'Homme à la lèvre tordue
25%
Flamme d'argent
17%
La Boîte en carton
17%
La Disparition de Lady Frances Carfax
17%
Le Diadème de beryls
17%
Le Manoir de l'abbaye
17%
Le Problème du pont de Thor
17%
Les Hêtres rouges
17%
Les Plans du Bruce-Partington
17%
Le Tordu
17%
Le Traité naval
17%
Le Vampire du Sussex
17%
Peter le Noir
17%
Une affaire d'identité
17%
Charles Auguste Milverton
8%
La Crinière du lion
8%
La Cycliste solitaire
8%
La Deuxième Tâche
8%
L'Aventure de Shoscombe Old Place
8%
L'Aventure de Wisteria Lodge
8%
L'Aventure du cercle rouge
8%
L'Aventure du pied du diable
8%
L'Ecole du Prieuré
8%
Le Détective agonisant
8%
Le Marchand de couleurs retiré des affaires
8%
L'Employé de l'agent de change
8%
Le Mystère du val Boscombe
8%
L'Entrepreneur de Norwood
8%
Le Pensionnaire en traitement
8%
Le Pince-nez en or
8%
Le Rituel des Musgrave
8%
Les Hommes dansants
8%
Le Soldat blanchi
8%
Les Propriétaires de Reigate
8%
Les Trois Etudiants
8%
Les Trois Garrideb
8%
Les Trois Pignons
8%
Le Trois-quart manquant
8%
L'Homme qui grimpait
8%
L'Illustre Client
8%
L'Interprète grec
8%
Un aristocrate célibataire
8%
La Pensionnaire voilée
0%
Le Gloria Scott
0%
L'Escarbouble bleue
0%
Aucun quiz correspondant
Distribution des résultats
% des personnes avec chaque résultat
Percentile par nombre de réponses
Votre historique - résultats
Vous n’avez pas pris ce quiz